000 00502nam a2200181Ia 4500
001 7620
005 20260306160508.0
008 260306t2023||||xx |||||||||||||| ||spa||
041 _aESP
082 _a352.3
_bV47
100 _aVera Novoa, Mario Ricardo,
_eAUT
245 0 _aLa modernización de la administración pública :
_blos renovados y los nuevos documentos de gestión
260 _c2023
300 _a559 páginas :
_c25 cm.
650 _aGEN
654 _aCAN
942 _cLIB
_dJUS
_fJUS
_2ddc
_n
999 _c7620
_d7620